Loading...

Mother with letters on the Mother

Bibliografiske detaljer
Hovedforfatter: Aurobindo
Format: Printed Book
Udgivet: Pondicherry Sri Aurobindo Ashram 1996
Fag:
LEADER 00463cam a2200145ua 4500
020 |a 81-7058-010-2 
082 |a In 826.912  |b AUR/M 
100 0 |a Aurobindo 
245 0 0 |a Mother with letters on the Mother 
260 |a Pondicherry  |b Sri Aurobindo Ashram  |c 1996 
300 |a 495p. 
650 0 |a Indian English literature 
942 |c BK 
999 |c 1386  |d 1386 
952 |0 0  |1 0  |4 0  |6 IN_826_912000000000000_AURM  |7 0  |9 1440  |a KUCL  |b KUCL  |d 2014-05-23  |l 0  |o In 826.912 AUR/M  |p 04502  |r 2014-05-23  |y BK